000 01075cam a22003257a 4500
003 CHAP
005 20220329141539.0
008 971013s1988 r 00010 d
010 _a69970
011 _a70942
035 _a80496
040 _cCHAP
090 _aTesis
100 0 0 _aCruz Hernández, Carlos Constantino.
_929420
245 0 _aTolerancia a la sequía en diferentes genotipos de zacate buffel (Cenchrus ciliaris)
260 _aMarín, N. L. :
_bEl autor,
_c1988
300 _a110 h.
500 _aD19-3
502 _aTesis (Ing. Agr. Zootecnista) -- Universidad Autónoma de Nuevo León. Fac. de Agronomía
590 _aALEPH
_b10
_c20130110
_lUCH01
_h1409
590 _aBATCH-UPD
_b10
_c20130110
_lUCH01
_h0813
590 _aBATCH-UPD
_b10
_c20130410
_lUCH01
_h0450
590 _aBATCH-UPD
_b10
_c20130914
_lUCH01
_h1105
590 _aCONVERSION
_b10
_c20130109
_lUCH01
_h1338
650 1 4 _aPlantas
_xResistencia a sequía.
_988886
650 1 4 _aZacate Buffel.
_9123395
901 _aBK
942 _cTESIS
949 _bBC
_cTES
_d-33400
_eTS1
_h21280
_i80496
_si
999 _c69970
_d69970